000 00530nam a22001937a 4500
003 CEME
005 20210628205712.0
008 201230b xxu||||| |||| 00| 0 eng d
020 _a9788121928229
040 _cceme
082 _a620.112 KHU
100 _aKhurmi, R.S
_924542
245 _aStrength of materials,mechanics of solids si units
260 _aINDIA
_bS.CHAND
_c2013
300 _aXVI,924P
650 _aSTRENGTH OF MATERIALS.MECHANICS OF SOLIDS SI UNITS
_931617
700 _aKhurmi, N
_931618
942 _cBK
_2ddc
999 _c582060
_d582060